NBA Players by Picture - Bahamas - Statistics

General Stats
  • This quiz has been taken 22 times
    16 since last reset
  • The average score is 6 of 9
Answer Stats
Picture Answer % Correct
Buddy Hield
100%
Deandre Ayton
100%
Eric Gordon
100%
V.J. Edgecombe
100%
Kai Jones
73%
{Mychal} Thompson
73%
Isaiah Mobley
47%
{Mychel} Thompson
13%
Dexter Cambridge
0%
No matching quizzes found
Score Distribution
Percent of People with Each Score
Percentile by Number Answered
Your Score History
You have not taken this quiz since the last reset